[Event "Istanbul op"]
[Site "Istanbul"]
[Date "2023.08.26"]
[Round "1"]
[White "Kamer, Kayra"]
[Black "Mohammadyansichani, Arshia"]
[Result "1-0"]
[WhiteElo "2367"]
[BlackElo "2118"]
[PlyCount "95"]
[EventDate "2023.08.26"]
[EventType "swiss"]
[EventRounds "9"]
[EventCountry "TUR"]
[SourceTitle "EXT 2024"]
[Source "ChessBase"]
[SourceDate "2023.10.10"]
[SourceVersion "1"]
[SourceVersionDate "2023.10.10"]
[SourceQuality "1"]

1. Nf3 Nf6 2. g3 g6 3. Bg2 Bg7 4. 0-0 d5 5. d3 0-0 6. c3 c5 7. Qc2 Nc6 8. e4 e5 9. Nbd2 Re8 10. a3 b6 11. b4 dxe4 12. dxe4 Ba6 13. Re1 Bd3 14. Qb2 c4 15. a4 a6 16. Bf1 Bxf1 17. Nxf1 Qd3 18. Re3 Qd7 19. Re2 b5 20. Kg2 h6 21. Qc2 Rad8 22. Bb2 Bf8 23. h3 h5 24. Bc1 Be7 25. Bg5 Nh7 26. Bxe7 Qxe7 27. Qc1 Rd3 28. Ne1 Rd6 29. Qe3 Nf6 30. axb5 axb5 31. Ra6 Rb8 32. Rea2 Qb7 33. f3 Nd7 34. Qh6 Nb6 35. Ne3 Rbd8 36. R6a3 Qd7 37. g4 Qe7 38. Kg3 f5 39. gxf5 gxf5 40. Qxh5 f4+ 41. Kh2 Rd2+ 42. N3g2 Qg7 43. Rxd2 Rxd2 44. Qe8+ Kh7 45. Qxc6 Rd1 46. Qxb6 Qg3+ 47. Kh1 Rd7 48. Qe6 1-0

[Event "TUR-chT 1st League"]
[Site "Denizli"]
[Date "2023.07.15"]
[Round "9.24"]
[White "Ozkurt, Deniz"]
[Black "Kamer, Kayra"]
[Result "0-1"]
[WhiteElo "1732"]
[BlackElo "2365"]
[PlyCount "56"]
[EventDate "2023.07.09"]
[EventType "team-swiss"]
[EventRounds "9"]
[EventCountry "TUR"]
[SourceTitle "CBM 215 Extra"]
[Source "ChessBase"]
[SourceDate "2023.09.30"]
[SourceVersion "1"]
[SourceVersionDate "2023.09.30"]
[SourceQuality "1"]
[WhiteTeam "Karsiyaka Ihtisas"]
[BlackTeam "Tarsus Zeka"]
[WhiteTeamCountry "TUR"]
[BlackTeamCountry "TUR"]

1. e4 c5 2. Nf3 Nf6 3. e5 Nd5 4. Nc3 e6 5. Nxd5 exd5 6. d4 d6 7. Bb5+ Bd7 8. Bxd7+ Qxd7 9. 0-0 Nc6 10. Re1 0-0-0 11. Bf4 Qf5 12. Bg3 dxe5 13. dxe5 g5 14. Qd3 Qxd3 15. cxd3 Be7 16. a3 Kd7 17. Rad1 h5 18. e6+ fxe6 19. Ne5+ Nxe5 20. Bxe5 Rhf8 21. Re2 Rc8 22. Rde1 Rc6 23. Bc3 b5 24. h3 c4 25. dxc4 bxc4 26. h4 gxh4 27. Re5 Bc5 28. R1e2 Rf5 0-1

[Event "TUR-chT 1st League"]
[Site "Denizli"]
[Date "2023.07.13"]
[Round "7.24"]
[White "Akcan, Umit"]
[Black "Kamer, Kayra"]
[Result "0-1"]
[WhiteElo "1963"]
[BlackElo "2365"]
[PlyCount "100"]
[EventDate "2023.07.09"]
[EventType "team-swiss"]
[EventRounds "9"]
[EventCountry "TUR"]
[SourceTitle "CBM 215 Extra"]
[Source "ChessBase"]
[SourceDate "2023.09.30"]
[SourceVersion "1"]
[SourceVersionDate "2023.09.30"]
[SourceQuality "1"]
[WhiteTeam "Mavisehir Altyapi"]
[BlackTeam "Tarsus Zeka"]
[WhiteTeamCountry "TUR"]
[BlackTeamCountry "TUR"]

1. d4 c5 2. Nf3 Nf6 3. c4 cxd4 4. Nxd4 e6 5. g3 a6 6. Bg2 Qc7 7. b3 Nc6 8. Nxc6 dxc6 9. 0-0 e5 10. Qc2 Be7 11. Ba3 0-0 12. Bxe7 Qxe7 13. Nd2 Bg4 14. Rae1 Rad8 15. h3 Be6 16. Rd1 Nd7 17. Nf3 f5 18. Qc3 Bf7 19. Rd2 e4 20. Nd4 Qf6 21. Qe3 Ne5 22. Rfd1 g5 23. f4 gxf4 24. Qxf4 Nd3 25. exd3 Qxd4+ 26. Kh2 e3 27. Qg5+ Kh8 28. Re2 f4 29. gxf4 Rg8 30. Qh4 Rde8 31. Be4 Bg6 32. Rg1 Bxe4 33. Rxg8+ Kxg8 34. dxe4 Rxe4 35. Qg4+ Kf7 36. Qf5+ Ke7 37. Qxh7+ Kd6 38. Qxb7 Re8 39. c5+ Qxc5 40. Qxa6 Qd4 41. Qa3+ Ke6 42. Qa4 Qxa4 43. bxa4 Kf5 44. Kg3 Ke4 45. Rc2 Kd3 46. Rxc6 e2 47. Rc1 e1Q+ 48. Rxe1 Rxe1 49. a5 Ke4 50. a6 Kf5 0-1

[Event "TUR-chT 1st League"]
[Site "Denizli"]
[Date "2023.07.12"]
[Round "5.24"]
[White "Ibik, Halit Yavuz"]
[Black "Kamer, Kayra"]
[Result "0-1"]
[WhiteElo "1931"]
[BlackElo "2365"]
[PlyCount "92"]
[EventDate "2023.07.09"]
[EventType "team-swiss"]
[EventRounds "9"]
[EventCountry "TUR"]
[SourceTitle "CBM 215 Extra"]
[Source "ChessBase"]
[SourceDate "2023.09.30"]
[SourceVersion "1"]
[SourceVersionDate "2023.09.30"]
[SourceQuality "1"]
[WhiteTeam "Gokyay Vakfi"]
[BlackTeam "Tarsus Zeka"]
[WhiteTeamCountry "TUR"]
[BlackTeamCountry "TUR"]

1. e4 c5 2. Nf3 a6 3. d4 cxd4 4. Nxd4 Nf6 5. Nc3 e5 6. Nde2 Bc5 7. Ng3 Qb6 8. Qd2 Ng4 9. Nd1 d6 10. h3 Nf6 11. c3 a5 12. Bd3 Be6 13. Qe2 Nbd7 14. Ne3 Rc8 15. 0-0 0-0 16. Ngf5 Rfe8 17. Qf3 Nf8 18. Ng4 Nxg4 19. hxg4 Ng6 20. g3 f6 21. Kg2 Qc7 22. Rh1 Qf7 23. Bh6 Bxf5 24. gxf5 Ne7 25. Bd2 d5 26. g4 Red8 27. Rh3 h6 28. Rah1 Kf8 29. Bc1 Rc7 30. b3 dxe4 31. Bxe4 b5 32. Qe2 b4 33. Rd1 Qe8 34. Rxd8 Qxd8 35. g5 fxg5 36. f6 Ng8 37. fxg7+ Kxg7 38. cxb4 Bxf2 39. Qxf2 Rxc1 40. Rd3 Qc8 41. Qg3 Nf6 42. Qxe5 Qg4+ 43. Rg3 Qe2+ 44. Kh3 Qg4+ 45. Kg2 Qe2+ 46. Kh3 g4+ 0-1

[Event "TUR-chT 1st League"]
[Site "Denizli"]
[Date "2023.07.10"]
[Round "3.24"]
[White "Gunduz, Umut Erdem"]
[Black "Kamer, Kayra"]
[Result "0-1"]
[WhiteElo "2340"]
[BlackElo "2365"]
[PlyCount "56"]
[EventDate "2023.07.09"]
[EventType "team-swiss"]
[EventRounds "9"]
[EventCountry "TUR"]
[SourceTitle "CBM 215 Extra"]
[Source "ChessBase"]
[SourceDate "2023.09.30"]
[SourceVersion "1"]
[SourceVersionDate "2023.09.30"]
[SourceQuality "1"]
[WhiteTeam "Alacati Satranc"]
[BlackTeam "Tarsus Zeka"]
[WhiteTeamCountry "TUR"]
[BlackTeamCountry "TUR"]

1. e4 c5 2. Nf3 e6 3. d4 cxd4 4. Nxd4 a6 5. c4 Nf6 6. Nc3 Qc7 7. Be2 b6 8. f3 Bb7 9. Be3 Be7 10. Qd2 0-0 11. g4 Nc6 12. g5 Nh5 13. Nxc6 dxc6 14. f4 Rad8 15. Qc1 g6 16. Bxh5 gxh5 17. Rg1 Rd3 18. e5 c5 19. Ke2 Rfd8 20. Qc2 Qc6 21. Qxd3 Rxd3 22. Kxd3 b5 23. b3 Bd8 24. Rad1 Ba5 25. Kc2 h4 26. Rgf1 Qg2+ 27. Rf2 Be4+ 28. Kb2 Qh3 0-1

[Event "EU-Cup 37th"]
[Site "Mayrhofen"]
[Date "2022.10.09"]
[Round "7.6"]
[White "Kamer, Kayra"]
[Black "Wachinger, Guenther"]
[Result "1-0"]
[WhiteElo "2354"]
[BlackElo "2218"]
[PlyCount "89"]
[EventDate "2022.10.03"]
[EventType "team-swiss"]
[EventRounds "7"]
[EventCountry "AUT"]
[SourceTitle "CBM 210 Extra"]
[Source "ChessBase"]
[SourceDate "2022.11.30"]
[SourceVersion "1"]
[SourceVersionDate "2022.11.30"]
[SourceQuality "1"]
[WhiteTeam "Gokturk"]
[BlackTeam "Schach ohne Grenzen"]
[WhiteTeamCountry "TUR"]
[BlackTeamCountry "GER"]

1. c4 Nf6 2. e3 c5 3. Nf3 g6 4. b3 Bg7 5. Bb2 0-0 6. Be2 b6 7. 0-0 Bb7 8. Qc2 d6 9. d3 a6 10. Nbd2 Nc6 11. a3 Rc8 12. Rac1 Rc7 13. Qb1 Qa8 14. d4 cxd4 15. exd4 e6 16. a4 Nb4 17. a5 bxa5 18. Qa1 Qd8 19. Qxa5 Nc6 20. Qa4 Ne7 21. Bc3 Qa8 22. c5 dxc5 23. Ba5 Bc6 24. Qa3 Rcc8 25. dxc5 Nfd5 26. Rfe1 Bb5 27. Nc4 Nc6 28. Bd2 Qb8 29. b4 Qc7 30. Bf1 Rb8 31. Rb1 Rfd8 32. Ng5 Nd4 33. Qh3 Nf6 34. Nd6 Bxf1 35. Kxf1 Rxd6 36. Bf4 Nb5 37. Rbc1 Qd7 38. cxd6 Nxd6 39. Red1 Rb6 40. Qe3 Qb5+ 41. Kg1 Nd5 42. Rxd5 exd5 43. Bxd6 Rxd6 44. Rc8+ Bf8 45. Qe7 1-0

[Event "EU-Cup 37th"]
[Site "Mayrhofen"]
[Date "2022.10.08"]
[Round "6.6"]
[White "De Francesco, Klaus"]
[Black "Kamer, Kayra"]
[Result "0-1"]
[WhiteElo "2197"]
[BlackElo "2354"]
[PlyCount "66"]
[EventDate "2022.10.03"]
[EventType "team-swiss"]
[EventRounds "7"]
[EventCountry "AUT"]
[SourceTitle "CBM 210 Extra"]
[Source "ChessBase"]
[SourceDate "2022.11.30"]
[SourceVersion "1"]
[SourceVersionDate "2022.11.30"]
[SourceQuality "1"]
[WhiteTeam "Absam "]
[BlackTeam "Gokturk"]
[WhiteTeamCountry "AUT"]
[BlackTeamCountry "TUR"]

1. e4 c5 2. Nc3 e6 3. Nge2 a6 4. g3 b5 5. Bg2 Bb7 6. 0-0 Nf6 7. d4 cxd4 8. Qxd4 Nc6 9. Qe3 Ng4 10. Qd2 Bc5 11. h3 Nge5 12. b3 Qb6 13. Bb2 0-0-0 14. a4 f6 15. axb5 axb5 16. Nd1 h5 17. Ne3 h4 18. g4 g5 19. c3 Rhf8 20. Nd4 Ng6 21. b4 Be7 22. Rfc1 Nf4 23. Bf1 Ne5 24. Ra5 Bxe4 25. Rxb5 Nxh3+ 26. Kh2 Qc7 27. Kxh3 f5 28. Rxe5 Qxe5 29. Qe2 Bd6 30. Qc4+ Bc7 31. Qxc7+ Qxc7 32. c4 fxg4+ 33. Nxg4 Rxf2 0-1

[Event "EU-Cup 37th"]
[Site "Mayrhofen"]
[Date "2022.10.07"]
[Round "5.6"]
[White "Kamer, Kayra"]
[Black "Torres Sanchez, Jose"]
[Result "1-0"]
[WhiteElo "2354"]
[BlackElo "2239"]
[PlyCount "77"]
[EventDate "2022.10.03"]
[EventType "team-swiss"]
[EventRounds "7"]
[EventCountry "AUT"]
[SourceTitle "CBM 210 Extra"]
[Source "ChessBase"]
[SourceDate "2022.11.30"]
[SourceVersion "1"]
[SourceVersionDate "2022.11.30"]
[SourceQuality "1"]
[WhiteTeam "Gokturk"]
[BlackTeam "Andreu Valencia Origin"]
[WhiteTeamCountry "TUR"]
[BlackTeamCountry "ESP"]

1. e4 e5 2. c4 Nf6 3. Nc3 Bc5 4. g3 d6 5. Bg2 Bg4 6. Nge2 Nc6 7. h3 Be6 8. d3 Nd4 9. Nxd4 Bxd4 10. Ne2 Bb6 11. b3 0-0 12. 0-0 Re8 13. Kh2 Nd7 14. d4 exd4 15. Nxd4 Nf6 16. Bb2 a5 17. Qd3 a4 18. f4 axb3 19. axb3 Rxa1 20. Rxa1 Bc8 21. b4 c6 22. b5 d5 23. e5 dxc4 24. Qxc4 Nd5 25. Re1 Nb4 26. bxc6 Nxc6 27. Nxc6 bxc6 28. Qxc6 h5 29. Rd1 Bb7 30. Qxb7 Qxd1 31. Qxb6 h4 32. gxh4 Qe2 33. Qd4 Rc8 34. e6 f6 35. Bc3 Rc4 36. Qd2 Re4 37. Qxe2 Rxe2 38. Kg1 Re3 39. Bb4 1-0

[Event "EU-Cup 37th"]
[Site "Mayrhofen"]
[Date "2022.10.05"]
[Round "3.6"]
[White "Tregubov, Pavel V"]
[Black "Kamer, Kayra"]
[Result "1-0"]
[WhiteElo "2548"]
[BlackElo "2354"]
[PlyCount "71"]
[EventDate "2022.10.03"]
[EventType "team-swiss"]
[EventRounds "7"]
[EventCountry "AUT"]
[SourceTitle "CBM 210 Extra"]
[Source "ChessBase"]
[SourceDate "2022.11.30"]
[SourceVersion "1"]
[SourceVersionDate "2022.11.30"]
[SourceQuality "1"]
[WhiteTeam "Clichy Echecs 92"]
[BlackTeam "Gokturk"]
[WhiteTeamCountry "FRA"]
[BlackTeamCountry "TUR"]

1. d4 Nf6 2. c4 g6 3. Nc3 Bg7 4. e4 d6 5. Nf3 0-0 6. Be2 e5 7. 0-0 Nbd7 8. Be3 exd4 9. Nxd4 Re8 10. f3 c6 11. Qd2 d5 12. exd5 cxd5 13. Rad1 Nb6 14. c5 Nc4 15. Bxc4 dxc4 16. Bf2 Bd7 17. Ndb5 Be6 18. Qe2 Qa5 19. Nd6 Re7 20. Nxc4 Qa6 21. b3 Bxc4 22. Qxc4 Qxc4 23. bxc4 Rae8 24. Nb5 Re2 25. Nd6 Rb8 26. Rb1 Bf8 27. a3 b6 28. Rfd1 Rd8 29. cxb6 Rxd6 30. Rxd6 Bxd6 31. bxa7 Re8 32. Rb6 Be5 33. f4 Nd7 34. Rb7 Bxf4 35. Rxd7 Ra8 36. Bd4 1-0

[Event "TUR-ch"]
[Site "Antalya"]
[Date "2021.12.11"]
[Round "2"]
[White "Haznedaroglu, Kivanc"]
[Black "Kamer, Kayra"]
[Result "0-1"]
[WhiteElo "2466"]
[BlackElo "2360"]
[PlyCount "56"]
[EventDate "2021.12.10"]
[EventType "tourn"]
[EventRounds "9"]
[EventCountry "TUR"]
[SourceTitle "CBM 205 Extra"]
[Source "ChessBase"]
[SourceDate "2022.01.31"]
[SourceVersion "1"]
[SourceVersionDate "2022.01.31"]
[SourceQuality "1"]

1. e4 c5 2. Nf3 e6 3. d4 cxd4 4. Nxd4 a6 5. Bd3 Qc7 6. Qe2 e5 7. Nf5 d6 8. Nc3 Be6 9. 0-0 Nd7 10. f4 Bxf5 11. exf5 Ngf6 12. Kh1 Be7 13. Bc4 Rc8 14. Bb3 0-0 15. fxe5 dxe5 16. Bg5 Nc5 17. Rae1 e4 18. Bxf6 Bxf6 19. Nxe4 Nxe4 20. Qxe4 Bxb2 21. Re3 Bf6 22. Rh3 Rcd8 23. Qf3 Rd4 24. Qh5 h6 25. Re1 Rf4 26. Bd5 Qe5 27. Qd1 Rd4 28. Rd3 Rxd3 0-1

[Event "TUR-ch"]
[Site "Antalya"]
[Date "2021.12.10"]
[Round "1"]
[White "Kamer, Kayra"]
[Black "Can, Isik"]
[Result "1-0"]
[WhiteElo "2360"]
[BlackElo "2415"]
[PlyCount "77"]
[EventDate "2021.12.10"]
[EventType "tourn"]
[EventRounds "9"]
[EventCountry "TUR"]
[SourceTitle "CBM 205 Extra"]
[Source "ChessBase"]
[SourceDate "2022.01.31"]
[SourceVersion "1"]
[SourceVersionDate "2022.01.31"]
[SourceQuality "1"]

1. e4 c6 2. d4 d5 3. e5 Bf5 4. h4 h5 5. c4 e6 6. Nc3 Ne7 7. Nge2 Nd7 8. Ng3 Bg6 9. Bg5 Qb6 10. Rc1 f6 11. exf6 gxf6 12. Be3 0-0-0 13. Bd3 dxc4 14. Bxc4 Nd5 15. Nxd5 exd5 16. Bd3 Qb4+ 17. Kf1 Bxd3+ 18. Qxd3 Qxb2 19. Rh3 Qxa2 20. Bf4 Bb4 21. Nf5 Nb6 22. Re3 Rhe8 23. Ng7 Re4 24. Nxh5 f5 25. f3 Rg8 26. g4 Rxe3 27. Qxe3 Nd7 28. Qe6 Qa6+ 29. Kg1 Rd8 30. Nf6 fxg4 31. Nxd5 Ba3 32. fxg4 Qa4 33. Rc4 Qb5 34. Kg2 Qb2+ 35. Kh3 Qb5 36. Bd6 Rh8 37. Bxa3 Qb3+ 38. Rc3 Qb5 39. Kg2 1-0

[Event "Paracin Summer op 14th"]
[Site "Paracin"]
[Date "2021.07.16"]
[Round "9"]
[White "Heinemann, Josefine"]
[Black "Kamer, Kayra"]
[Result "1/2-1/2"]
[WhiteElo "2285"]
[BlackElo "2355"]
[PlyCount "41"]
[EventDate "2021.07.09"]
[EventType "swiss"]
[EventRounds "9"]
[EventCountry "SRB"]
[SourceTitle "EXT 2022"]
[Source "ChessBase"]
[SourceDate "2021.10.06"]
[SourceVersion "1"]
[SourceVersionDate "2021.10.06"]
[SourceQuality "1"]

1. e4 c5 2. Nf3 e6 3. d4 cxd4 4. Nxd4 a6 5. c4 Nf6 6. Nc3 Qc7 7. a3 b6 8. Be3 Bb7 9. f3 Be7 10. Be2 h5 11. Qd2 d6 12. 0-0 Nbd7 13. b4 0-0 14. Rac1 Rfe8 15. Rc2 Ne5 16. Rb1 Rac8 17. Na4 Nfd7 18. Bf1 h4 19. h3 Qb8 20. Rbc1 Bf8 21. Qf2 1/2-1/2

[Event "Paracin Summer op 14th"]
[Site "Paracin"]
[Date "2021.07.14"]
[Round "7"]
[White "Pavlov, Mark"]
[Black "Kamer, Kayra"]
[Result "1/2-1/2"]
[WhiteElo "2195"]
[BlackElo "2355"]
[PlyCount "55"]
[EventDate "2021.07.09"]
[EventType "swiss"]
[EventRounds "9"]
[EventCountry "SRB"]
[SourceTitle "EXT 2022"]
[Source "ChessBase"]
[SourceDate "2021.10.06"]
[SourceVersion "1"]
[SourceVersionDate "2021.10.06"]
[SourceQuality "1"]

1. d4 Nf6 2. Nf3 g6 3. g3 Bg7 4. Bg2 0-0 5. 0-0 d6 6. a4 Nc6 7. a5 a6 8. d5 Ne5 9. Nxe5 dxe5 10. c4 Bf5 11. Nc3 Qc8 12. e4 Bh3 13. Be3 Rd8 14. Qe2 Bxg2 15. Kxg2 e6 16. f3 exd5 17. cxd5 Ne8 18. Rac1 Qd7 19. Rc2 Bf8 20. Ra1 Rab8 21. Na4 Nd6 22. Nc5 Qe8 23. h4 Nb5 24. h5 c6 25. hxg6 hxg6 26. Rd1 cxd5 27. exd5 Bxc5 28. Bxc5 1/2-1/2

[Event "Paracin Summer op 14th"]
[Site "Paracin"]
[Date "2021.07.13"]
[Round "6"]
[White "Kamer, Kayra"]
[Black "Nikitenko, Mihail"]
[Result "0-1"]
[WhiteElo "2355"]
[BlackElo "2472"]
[PlyCount "66"]
[EventDate "2021.07.09"]
[EventType "swiss"]
[EventRounds "9"]
[EventCountry "SRB"]
[SourceTitle "CBM 203 Extra"]
[Source "ChessBase"]
[SourceDate "2021.09.30"]
[SourceVersion "1"]
[SourceVersionDate "2021.09.30"]
[SourceQuality "1"]

1. Nf3 d5 2. g3 c5 3. Bg2 Nc6 4. 0-0 g6 5. d3 Bg7 6. c3 e6 7. e4 Nge7 8. h4 b6 9. h5 dxe4 10. h6 Bxh6 11. Bxh6 exf3 12. Qxf3 Bb7 13. Qf6 Rg8 14. Bg5 Na5 15. Nd2 Bxg2 16. Kxg2 Qd7 17. Ne4 Nd5 18. b4 Nb7 19. Qe5 f5 20. c4 fxe4 21. dxe4 Nxb4 22. Rad1 Qf7 23. Qb2 Nc6 24. Qb5 Rc8 25. e5 Qf5 26. Qa6 Rc7 27. Rd6 Kf7 28. Rh1 h5 29. Rh4 Qxg5 30. Rxc6 Qxe5 31. Qa4 Na5 32. Rxc7+ Qxc7 33. Qc2 Nc6 0-1

[Event "Belgrade Serbia op"]
[Site "Belgrade"]
[Date "2021.07.06"]
[Round "6"]
[White "Kamer, Kayra"]
[Black "Sturt, Raven M"]
[Result "1-0"]
[WhiteElo "2355"]
[BlackElo "2500"]
[PlyCount "175"]
[EventDate "2021.07.02"]
[EventType "swiss"]
[EventRounds "9"]
[EventCountry "SRB"]
[SourceTitle "CBM 203 Extra"]
[Source "ChessBase"]
[SourceDate "2021.09.30"]
[SourceVersion "1"]
[SourceVersionDate "2021.09.30"]
[SourceQuality "1"]

1. Nf3 d5 2. g3 Nf6 3. Bg2 c6 4. 0-0 Bf5 5. d3 h6 6. c4 e6 7. Qb3 Qb6 8. Be3 Qxb3 9. axb3 a6 10. Bd4 Nbd7 11. Bc3 Bd6 12. Nd4 Bh7 13. b4 0-0 14. Nb3 e5 15. Rd1 Bf5 16. Na3 Rfc8 17. Na5 Rab8 18. e4 Bg4 19. exd5 cxd5 20. cxd5 Bxd1 21. Rxd1 Rc7 22. N3c4 Ne8 23. Re1 Rd8 24. f4 f6 25. Bh3 Nf8 26. Nxd6 Nxd6 27. fxe5 fxe5 28. Bxe5 Re8 29. d4 Nf7 30. Rd1 Nxe5 31. dxe5 Rxe5 32. d6 Rc2 33. d7 Nxd7 34. Bxd7 b6 35. Ba4 Rc7 36. Bb3+ Kh7 37. Nc4 Re2 38. Rd2 Rce7 39. Kf1 Re1+ 40. Kf2 b5 41. Nd6 Rh1 42. Kg2 Rhe1 43. Bd1 g6 44. h4 Rd7 45. Kf2 Re6 46. Ne4 Rxd2+ 47. Nxd2 Kg7 48. Bc2 Rc6 49. Bd3 Rc1 50. Ke3 g5 51. hxg5 hxg5 52. g4 Rg1 53. Bf5 Rg3+ 54. Kf2 Rh3 55. Nf3 Kf6 56. Bc8 Rh1 57. Nd2 Ra1 58. b3 Ke5 59. Ke3 Re1+ 60. Kd3 Ra1 61. Nf3+ Kf4 62. Nd4 Rd1+ 63. Kc3 Ke5 64. Nc2 Rd6 65. Bf5 Rd1 66. Bd3 Rg1 67. Ne3 Rg3 68. Kd2 Rf3 69. Bf5 Rf4 70. Nc2 Rf3 71. Bc8 Rf6 72. Ne1 Kd4 73. Bf5 Ke5 74. Ke3 Rc6 75. Nf3+ Kf6 76. Nd4 Rc1 77. Ke4 Rc7 78. Kd5 Rc3 79. Kd6 Rc1 80. Nc6 Rc3 81. Bc8 Rxb3 82. Bxa6 Rg3 83. Bc8 Rc3 84. Kc7 Rd3 85. Kb6 Rd5 86. Ba6 Rd2 87. Kxb5 Rg2 88. Bc8 1-0

[Event "Belgrade Serbia op"]
[Site "Belgrade"]
[Date "2021.07.04"]
[Round "4"]
[White "Kamer, Kayra"]
[Black "Nestorovic, Nikola"]
[Result "1/2-1/2"]
[WhiteElo "2355"]
[BlackElo "2477"]
[PlyCount "35"]
[EventDate "2021.07.02"]
[EventType "swiss"]
[EventRounds "9"]
[EventCountry "SRB"]
[SourceTitle "CBM 203 Extra"]
[Source "ChessBase"]
[SourceDate "2021.09.30"]
[SourceVersion "1"]
[SourceVersionDate "2021.09.30"]
[SourceQuality "1"]

1. e4 c5 2. Nf3 Nc6 3. Bb5 g6 4. 0-0 Bg7 5. c3 Nf6 6. Re1 0-0 7. h3 Qc7 8. d4 cxd4 9. cxd4 d5 10. e5 Ne4 11. Nbd2 Bf5 12. Nxe4 dxe4 13. Nh4 Rad8 14. Nxf5 gxf5 15. Bxc6 Qxc6 16. Bf4 Rd7 17. Re3 f6 18. Rg3 1/2-1/2

[Event "Belgrade Serbia op"]
[Site "Belgrade"]
[Date "2021.07.03"]
[Round "3"]
[White "Annaberdiev, Meilis"]
[Black "Kamer, Kayra"]
[Result "1/2-1/2"]
[WhiteElo "2532"]
[BlackElo "2355"]
[PlyCount "28"]
[EventDate "2021.07.02"]
[EventType "swiss"]
[EventRounds "9"]
[EventCountry "SRB"]
[SourceTitle "CBM 203 Extra"]
[Source "ChessBase"]
[SourceDate "2021.09.30"]
[SourceVersion "1"]
[SourceVersionDate "2021.09.30"]
[SourceQuality "1"]

1. Nf3 Nf6 2. c4 g6 3. Nc3 Bg7 4. g3 0-0 5. Bg2 c6 6. 0-0 d6 7. Rb1 a5 8. d3 Re8 9. a3 e5 10. Bg5 h6 11. Bxf6 Qxf6 12. b4 axb4 13. axb4 Nd7 14. Re1 Qe7 1/2-1/2

[Event "Belgrade Serbia op"]
[Site "Belgrade"]
[Date "2021.07.03"]
[Round "2"]
[White "Kamer, Kayra"]
[Black "Zanan, Evgeny"]
[Result "1/2-1/2"]
[WhiteElo "2355"]
[BlackElo "2535"]
[PlyCount "145"]
[EventDate "2021.07.02"]
[EventType "swiss"]
[EventRounds "9"]
[EventCountry "SRB"]
[SourceTitle "CBM 203 Extra"]
[Source "ChessBase"]
[SourceDate "2021.09.30"]
[SourceVersion "1"]
[SourceVersionDate "2021.09.30"]
[SourceQuality "1"]

1. e4 c5 2. Nf3 d6 3. d4 cxd4 4. Nxd4 Nf6 5. Nc3 a6 6. a3 e5 7. Nf5 d5 8. Bg5 d4 9. Bxf6 gxf6 10. Nb1 Bxf5 11. exf5 Qd5 12. Qd3 Nd7 13. Nd2 Nc5 14. Qh3 h5 15. b4 Ne4 16. Qf3 Nc3 17. Qxd5 Nxd5 18. Ne4 Rc8 19. c4 dxc3 20. 0-0-0 Nb6 21. Kc2 Be7 22. Be2 h4 23. Rd3 Kf8 24. Rhd1 Rg8 25. g4 hxg3 26. hxg3 Kg7 27. g4 Rc4 28. Bf3 Re8 29. Bg2 Na4 30. Rd7 b5 31. g5 fxg5 32. Rxe7 Rxe7 33. f6+ Kf8 34. fxe7+ Kxe7 35. Rd3 f5 36. Nxg5 Rg4 37. Rg3 Rd4 38. Rd3 Rg4 39. Rg3 Rd4 40. Nf3 Rf4 41. Rg7+ Kf6 42. Ra7 e4 43. Rxa6+ Kg7 44. Ra5 exf3 45. Bf1 Rd4 46. Bxb5 Rd2+ 47. Kb3 Nb2 48. Kxc3 Rxf2 49. Kd4 Nd1 50. Ke5 Rd2 51. Kxf5 Rd5+ 52. Ke6 Nc3 53. Ra7+ Kg6 54. Be8+ Kg5 55. Rf7 Rd3 56. Bc6 Ne2 57. Bxf3 Nf4+ 58. Ke5 Rxf3 59. Ra7 Rb3 60. Kd4 Kf5 61. Rf7+ Kg5 62. Ra7 Kf5 63. Kc4 Rb1 64. a4 Ke5 65. Ra5+ Kd6 66. Ra6+ Kd7 67. Ra7+ Kd6 68. Ra6+ Kd7 69. Rh6 Rc1+ 70. Kb5 Nd5 71. Rh7+ Kd6 72. Rh6+ Kd7 73. Rh7+ 1/2-1/2

[Event "Belgrade Spring op"]
[Site "Belgrade"]
[Date "2021.04.08"]
[Round "8"]
[White "Sargsyan, Shant"]
[Black "Kamer, Kayra"]
[Result "1-0"]
[WhiteElo "2598"]
[BlackElo "2339"]
[PlyCount "120"]
[EventDate "2021.04.02"]
[EventType "swiss"]
[EventRounds "9"]
[EventCountry "SRB"]
[SourceTitle "CBM 202 Extra"]
[Source "ChessBase"]
[SourceDate "2021.07.31"]
[SourceVersion "1"]
[SourceVersionDate "2021.07.31"]
[SourceQuality "1"]

1. e4 c5 2. Nf3 e6 3. d4 cxd4 4. Nxd4 a6 5. c4 Nf6 6. Nc3 Qc7 7. a3 b6 8. Be3 Bb7 9. f3 Be7 10. Rc1 d6 11. Qd2 Nbd7 12. Be2 0-0 13. g4 Ne5 14. g5 Nfd7 15. 0-0 Rfe8 16. f4 Ng6 17. f5 exf5 18. exf5 Nge5 19. Nd5 Qd8 20. f6 Bf8 21. fxg7 Bxg7 22. Nf5 Nc5 23. Nxg7 Kxg7 24. Nf6 Re6 25. Qd4 Qc8 26. Qh4 Rxf6 27. gxf6+ Kh8 28. Qg3 Ne6 29. Kf2 Qc6 30. Rg1 Qe4 31. Rcd1 d5 32. Qg2 Qh4+ 33. Kf1 Nxc4 34. Bf2 Qf4 35. Qg3 Qxf6 36. Qf3 Qxf3 37. Bxf3 h6 38. Rd4 Ne5 39. Rh4 Kh7 40. Be3 Ng5 41. Bxg5 Nxf3 42. Rxh6+ Kg7 43. Rg3 Nxg5 44. Rxb6 f6 45. h4 Ra7 46. hxg5 fxg5 47. Rxg5+ Kf8 48. Rh5 a5 49. Ke1 Ba6 50. Rxd5 Bc4 51. Rc5 Bf7 52. Kd2 a4 53. Kc3 Re7 54. Rb4 Bb3 55. Rf5+ Kg7 56. Rg4+ Kh6 57. Rf2 Rc7+ 58. Kb4 Kh5 59. Rg1 Rc4+ 60. Kb5 Rh4 1-0

[Event "Belgrade Spring op"]
[Site "Belgrade"]
[Date "2021.04.07"]
[Round "7"]
[White "Kamer, Kayra"]
[Black "Kaasen, Tor Fredrik"]
[Result "1-0"]
[WhiteElo "2339"]
[BlackElo "2397"]
[PlyCount "63"]
[EventDate "2021.04.02"]
[EventType "swiss"]
[EventRounds "9"]
[EventCountry "SRB"]
[SourceTitle "CBM 202 Extra"]
[Source "ChessBase"]
[SourceDate "2021.07.31"]
[SourceVersion "1"]
[SourceVersionDate "2021.07.31"]
[SourceQuality "1"]

1. e4 c5 2. Nf3 d6 3. d4 cxd4 4. Nxd4 Nf6 5. Nc3 a6 6. Qf3 g6 7. Bg5 Bg7 8. h3 Qa5 9. Qe3 Nbd7 10. 0-0-0 h6 11. Bh4 b5 12. Nd5 Bb7 13. Nb3 Qd8 14. Bxf6 exf6 15. Qg3 Ne5 16. f4 Nc6 17. h4 0-0 18. h5 g5 19. Ne3 Ne7 20. Nc5 Bc6 21. fxg5 fxg5 22. Rxd6 Qc7 23. e5 Nc8 24. Nf5 Nxd6 25. exd6 Qb6 26. b4 Rfe8 27. Bd3 Qd8 28. Rf1 Kh8 29. Nxg7 Kxg7 30. Qf2 Ra7 31. d7 Rf8 32. Qf5 1-0